header

Ovid's Metamorphoses (Record no. 133319)

MARC details
000 -LEADER
fixed length control field 01594nam a2200385 a 4500
082 04 - DEWEY DECIMAL CLASSIFICATION NUMBER
Classification number 873/.01
100 1# - MAIN ENTRY--AUTHOR NAME
Personal name Liveley, Genevieve.
245 10 - TITLE STATEMENT
Title Ovid's Metamorphoses
260 ## - PUBLICATION, DISTRIBUTION, ETC. (IMPRINT)
Place of publication New York :
Name of publisher Continuum,
Year of publication 2011.
300 ## - PHYSICAL DESCRIPTION
Number of Pages vii, 200 p.
490 1# - SERIES STATEMENT
Series statement Continuum reader's guides
505 0# - FORMATTED CONTENTS NOTE
Formatted contents note Preface -- Biography and context -- Overview of themes -- Textual readings: books I-XV -- Reception and influence -- Guide to further reading.
650 #0 - SUBJECT ADDED ENTRY--TOPICAL TERM
Topical Term Fables, Latin
Topical Term Mythology, Classical, in literature.
Topical Term Metamorphosis in literature.
856 40 - ELECTRONIC LOCATION AND ACCESS
Uniform Resource Identifier http://site.ebrary.com/lib/rucke/Doc?id=10438503

No items available.

© 2026 Rongo University
Contact us: librarian | system librarian | Rongo university